000 00824nam a2200265Ia 4500
003 OSt
005 20221005083657.0
006 a|||||r|||| 00| 0
007 ta
008 221004b |||||||| |||| 00| 0 eng d
020 _a9789352806980 (pbk)
_cINR 495.00
024 _a42068
037 _b1607/18-19, 28/01/2019, Vitasta Publishing Pvt. Ltd.
_cTextual
040 _aCRL
_cCRL
_beng
041 _2eng
_aeng
082 _aQ2v, Q8
100 _aRamachandran R. Au.
_9612718
245 0 _aHistory of hinduism
_b past, present and future
260 _aNew Delhi
_bVitasta India
_c2018
300 _axxxi,298p.
_ccm.
650 _a RELIGION
650 _aHINDUISM
942 _hQ2v, Q8
_cTEXL
_2cc
999 _c991349
_d991349